00585nam a22001577a 450000500170000000800410001702000150005810000400007324501610011325000170027426000420029130000560033350000170038994200080040699900130041420260327093504.0260327b |||||||| |||| 00| 0 eng d a9783298585 aIke, Emeka.IdIKE.E.E 2016lEnglish aFundamental Principles of University Physics: Mechanics and Properties of Matter for Science/b for Science, Engineering and Medical Students.cEmeka E.Ike. a2nd edition. aJOS.bENIC PUBLICATION, jOS.c2016.XI axi;381p.including Bibliographics and indexs.c21cm. 5KKU LIBRARY. 2lcc c200d200